| 000 | 00419nam a2200181Ia 4500 | ||
|---|---|---|---|
| 008 | 090124s9999 xx 000 0 und d | ||
| 082 | _b46370 | ||
| 100 | _aPATTERSON JAMES | ||
| 245 | _aALONG CAME A SPIDER | ||
| 250 | _a0 | ||
| 260 | _c2001 | ||
| 300 | _a502 | ||
| 600 | _aPATTERSON JAMES | ||
| 630 | _aALONG CAME A SPIDER | ||
| 700 | _aPATTERSON JAMES | ||
| 730 | _aALONG CAME A SPIDER | ||
| 942 | _cBOOK | ||
| 999 |
_c112589 _d112589 |
||